00510nam a22001457a 4500003000500000038001800005082000800023100001900031245013200050264003300182300002400215650003700239700003000276856005800306NUST aNusrat Nadeem a200 aMAHNOOR, ALIYA aEVALUATING THE IMPACT OF DIGITAL LEARNING TOOLS ON THE COGNITIVE AND SOCIAL DEVELOPMENT IN PRIMARY EDUCATION /cALIYA MAHNOOR,  aIslamabad;bS3H NUST;c2024. a94,p;bill;c30,cm. aMS-Government and Public Policy  aSupervisor: Dr. Ume Laila u http://10.250.8.41:8080/xmlui/handle/123456789/46537